| 000 | 00902nam a2200277Ia 4500 | ||
|---|---|---|---|
| 003 | OSt | ||
| 005 | 20221005113441.0 | ||
| 006 | a|||||r|||| 00| 0 | ||
| 007 | ta | ||
| 008 | 221004b |||||||| |||| 00| 0 pan d | ||
| 020 | _c120 | ||
| 024 | _a117291 | ||
| 037 |
_b579, 04/02/2012, H.K. Prakashan _cTextual |
||
| 040 |
_aCRL _cCRL _bpan |
||
| 041 |
_2pan _apan |
||
| 082 | _aO153,1:g, P3 | ||
| 100 | _aਵਨੀਤਾ | ||
| 245 | 0 | _aਕਵਿਤਾ ਦੀਆਂ ਪਰਤਾਂ | |
| 260 |
_aਲੁਧਿਆਣਾ _bਚੇਤਨਾ ਪ੍ਰਕਾਨ ਭਾਰਤ _c2003 |
||
| 300 |
_a128ਪੰ _ccm. |
||
| 650 |
_a ਕਾਵਿ ਆਲੋਚਨਾ _9156353 |
||
| 650 | _a ਪੰਜਾਬੀ ਕਾਵਿ | ||
| 650 | _aਪੰਜਾਬੀ ਸਾਹਿਤ | ||
| 942 |
_hO153,1:g, P3 _cTEXL _2cc |
||
| 999 |
_c1028229 _d1028229 |
||